000 00214 a2200097 4500
020 _a9789914985498
041 _aeng
100 _aelphinstone Dayrell
245 _aWhy the sunand the moon live inthe sky
942 _cK
999 _c30673
_d30671